logo

Bir Sreshtho Munshi Abdur Rouf Library
Jhenaidah Cadet College

প্রাথমিক বিশ্লেষণ গণিত / (Record no. 7775)

MARC details
000 -LEADER
fixed length control field 00684nam a2200217 a 4500
001 - CONTROL NUMBER
JCCL Control Number 7775
003 - CONTROL NUMBER IDENTIFIER
JCCL marc code BD-JhCC
005 - DATE AND TIME OF LATEST TRANSACTION
control field 20180213182342.0
008 - FIXED-LENGTH DATA ELEMENTS--GENERAL INFORMATION
fixed length control field 180213s1986 bg a|||| |||| 000 0 ben d
035 ## - SYSTEM CONTROL NUMBER
system control number (BD-JhCC)7775
040 ## - CATALOGING SOURCE
Original cataloging agency BD-JhCC
Modifying agency BD-JhCC
041 ## - LANGUAGE CODE
Language code of Book ben
082 ## - DEWEY DECIMAL CLASSIFICATION NUMBER
Classification number 510
Author mark and Year SHA 1986
100 ## - MAIN ENTRY--PERSONAL NAME
Personal name সরদার, রমজান আলী
245 ## - TITLE STATEMENT
Title প্রাথমিক বিশ্লেষণ গণিত /
Statement of responsibility, etc প্রফেসর রমজান আলী সরদার,
260 ## - PUBLICATION, DISTRIBUTION, ETC. (IMPRINT)
Place of publication, distribution, etc ঢাকা :
Name of publisher, distributor, etc বাংলা একাডেমী,
Date of publication, distribution, etc 1986.
300 ## - PHYSICAL DESCRIPTION
Pagination 747 p. :
Other physical details ill. ,
Dimensions 21 cm.
650 ## - SUBJECT ADDED ENTRY--TOPICAL TERM
Topical term or geographic name as entry element Mathematics
942 ## - ADDED ENTRY ELEMENTS (KOHA)
Source of classification or shelving scheme Dewey Decimal Classification
Koha item type Books
Holdings
Source of classification or shelving scheme Damaged status Not for loan Home library Current library Shelving location Date of accession Cost, normal purchase price Total Checkouts Full call number Barcode Date last seen Copy number Koha item type
Dewey Decimal Classification     JCC Rouf Library JCC Rouf Library General Stacks 02/13/2018 120.00   510 SHA 1986 8606 02/13/2018 C-1 Books

JCC Library | Contacts | JCC Home

Last Update on 23 September 2017
Copyright @ 2017-2020 JCC Rouf Library
Rouf Library, Jhenidah Cadet College (JCC), Bangladesh